|
|
|
|
| LEADER |
00694nam a22001451a 4500 |
| 082 |
|
|
|a M200 9
|b SEB/N
|
| 100 |
|
|
|a Sebastian Kunju Kunju Bhagavathar
|9 87920
|
| 245 |
|
|
|a Naataka smaranakal/
|c by Sebastian Kunju Kunju Bhagavathar
|
| 260 |
|
|
|a Thrissur:
|b Kerala Sangeetha Nataka Akademy,
|c 1986.
|
| 300 |
|
|
|a 545p.
|
| 650 |
|
|
|a Drama Study Malayalam
|9 87921
|
| 942 |
|
|
|c BK
|
| 999 |
|
|
|c 30115
|d 30115
|
| 952 |
|
|
|0 0
|1 0
|4 0
|6 M_2009_000000000000000_SEB_NAT_M86
|7 0
|9 43327
|a SSUS
|b SSUS
|d 2015-01-08
|g 50.00
|o M2009 SEB NAT M86
|p 001715
|r 2015-01-08
|v 0.00
|w 2015-01-08
|y BK
|
| 952 |
|
|
|0 0
|1 0
|4 0
|6 M_2009_000000000000000_SEB_NAT_M86
|7 0
|9 43328
|a SSUS
|b SSUS
|d 2015-01-08
|g 50.00
|o M2009 SEB NAT M86
|p 025670
|r 2015-01-08
|v 0.00
|w 2015-01-08
|y BK
|